000 00538nam a22001937a 4500
005 20250402141940.0
010 _aENG-144457
020 _a9789395401012
_c1595.00
035 _aEN-127989
037 _bDBAD
082 _a591.5
100 _aVishwas, Atri
_980112
245 _aAnimal Behaviour/
_cAtri Vishwas
250 _a1
260 _aNew Delhi
_bRajat Publications
_c2024
270 _a4740/23, Ansari Road, Daryagan
_bNew Delhi
_e110002
300 _axii, 288p.
_c24cm(Hb)
942 _2ddc
_cEN
_mVIS
_h591.5
999 _c210657
_d210657